000 01576nam a2200241Ia 4500
999 _c52065
_d52065
001 19071
003 GE_BSU
005 20210423161728.0
008 181216s2013||||ge |||||||||||||| ||geo||
040 _cGE_BSU
041 _ageo
080 _a81 რ-73
100 _aროდინაძე, შოთა
_911578
245 _aადამიანური მიმართებების ეთნო - მენტალური ველი ინგლისური, ქართული და რუსული ლოგოეპისტემების მიხედვით /
_cშოთა როდინაძე; სამეცნიერო ხელმძრვანელი დ. გოცირიძე; ბათუმის შოთა რუსთაველის სახ-ფო უნ-ტი.
264 _aბათუმი,
_c2013
300 _a141გვ. ;
_b30 სმ.
653 _aადამიანური მიმართებების ეთნო - მენტალური ველი ინგლისური, ქართული და რუსული ლოგოეპისტემების მიხედვით
653 _aდისერტაცია
653 _aენათმეცნიერება
700 _aგოცირიძე, დ.
_eსამეცნიერო ხელმძრვანელი
_910308
710 _aბათუმის შოთა რუსთაველის სახ-ფო უნ-ტი
_911579
942 _cBK
_2udc